000 00897nam a22002897a 4500
001 BR2017002678
003 BR-BrBNA
005 20230928105154.0
007 ta
008 230509b bl.||||| |||| 00| 0 por d
040 _aBR-BrBNA
_bpor
_cBiblioteca Nacional de Agricultura
041 _a(Por)
072 _aF30; U10
_b2120
090 _ 2120 BR2017002678
100 1 _aBrum, C.N.F.
110 1 _aUniversidade Federal de Lavras, MG (Brasil)
_0Tese (Doutorado)
245 1 _aRNA-guidedsilencing pathways in coffea spp.: genome-transcriptome-wide analyses
260 3 _aLavras, MG (Brasil):
_c2017.
300 _a162 p.
500 _aSummaries (Eng, Por); Several bibliography; 19 illus.; 7 tables
650 _aCAFÉ
650 _aMELHORAMENTO GENÉTICO VEGETAL
650 _aBIOTECNOLOGIA
650 _aMODELO MATEMÁTICO
909 _a202309
_bLucia
_c55
_dLucia Elande
942 _cBK
999 _c83825
_d83825